000 00533nam a2200181Ia 4500
008 240925s9999 xx 000 0 und d
020 _a9780470189634
082 _a507.11 NAK
100 _aNakamura, Jeanne ; Shernoff, David J.
245 0 _aGood Mentoring: fostering excellent practice in higher education
250 _aNA
260 _aNew York:
_bJohn Wiley& Sons
_c,2009.
300 _a738p.
_b0
_fOriginal
500 _aIncludes Index
600 _aHumanities & Natural Science
650 _aNatural Science
942 _cBK
999 _c14569
_d14569